000 00332 a2200157 4500
001 60583
020 _a
040 _cAnchieta - Pituba
100 _aCravalho Neto, Zeferino de
240 1 0 _aE agora, professor?
_lpor
245 1 0 _aE agora, professor?
300 _a240
362 0 _a1997
650 4 _aEducação
942 _cBK
999 _c60583
_d60583